| 000 | 00708nam a2200229 a 4500 | ||
|---|---|---|---|
| 001 | BRL_1953 | ||
| 005 | 20190320211441.0 | ||
| 008 | 201216s1958----mx-d######---#000-0#spa-# | ||
| 041 | _aspa | ||
| 050 | 4 | _bC47 1958 | |
| 100 | 1 |
_aCervantes Lechuga, María del Carmen Leonel De _928301 |
|
| 245 | 1 | 0 | _aEstudios sobre la conservación del aguacate. |
| 260 |
_aMéxico _c1958 |
||
| 300 |
_a67 p. _c20 cm. |
||
| 500 | _aAu1253 | ||
| 500 | _aCon dedicatoria personal | ||
| 502 | _aTesis licebciatura (Licenciada en Químico Farmacéutico Biólogo) UNAM, Universidad Femenina de México | ||
| 650 | 1 | 4 |
_aAguacate _928302 |
| 650 | 1 | 4 |
_aConservación del aguacate _928303 |
| 902 | _aTERL | ||
| 942 |
_2lcc _cTES |
||
| 999 |
_c10760 _d10760 |
||